Best Supporting Actor Oscar Nominees - Statistics

General Stats
  • This quiz has been taken 6,758 times
    5,661 since last reset
  • The average score is 126 of 312
Answer Stats
Year Actor % Correct
1974 Robert De Niro
85%
1995 Brad Pitt
82%
1969 Jack Nicholson
82%
1987 Morgan Freeman
82%
1972 Al Pacino
81%
1993 Leonardo DiCaprio
81%
1987 Denzel Washington
79%
2013 Bradley Cooper
77%
2002 Chris Cooper
77%
2009 Matt Damon
77%
1989 Marlon Brando
76%
1997 Robin Williams
76%
2005 George Clooney
75%
1999 Tom Cruise
75%
1986 Michael Caine
74%
1991 Tommy Lee Jones
74%
2010 Christian Bale
73%
2007 Philip Seymour Hoffman
73%
1967 Gene Hackman
72%
1994 Samuel L. Jackson
72%
2007 Casey Affleck
70%
1995 Ed Harris
69%
2008 Heath Ledger
69%
1997 Anthony Hopkins
68%
1963 Melvyn Douglas
67%
1995 Kevin Spacey
66%
2016 Mahershala Ali
66%
1971 Jeff Bridges
65%
2002 Paul Newman
65%
1972 Robert Duvall
65%
1955 Jack Lemmon
64%
1999 Jude Law
64%
1971 Ben Johnson
63%
2009 Christoph Waltz
63%
2007 Javier Bardem
63%
1996 Edward Norton
62%
1953 Frank Sinatra
62%
2013 Jared Leto
62%
2000 Joaquin Phoenix
62%
1980 Joe Pesci
62%
1976 Laurence Olivier
62%
1988 River Phoenix
62%
2009 Christopher Plummer
61%
1977 Peter Firth
61%
1987 Sean Connery
61%
2015 Silvester Stallone
61%
2006 Alan Arkin
60%
2004 Jamie Foxx
60%
1993 Ralph Fiennes
60%
2008 Robert Downey Jr.
60%
2003 Tim Robbins
60%
1978 John Hurt
58%
2005 William Hurt
58%
1991 Ben Kingsley
57%
1998 Geoffrey Rush
57%
2001 Jon Voight
57%
2013 Michael Fassbender
56%
1996 Cuba Gooding Jr.
55%
2001 Ian McKellen
55%
2010 Mark Ruffalo
55%
1952 Richard Burton
55%
2000 Benicio del Toro
54%
1978 Christopher Walken
54%
1977 Alec Guinness
53%
2006 Eddie Murphy
53%
1959 George C. Scott
53%
1972 James Caan
53%
2010 Jeremy Renner
53%
1966 Walter Matthau
53%
1956 Don Murray
52%
1988 Kevin Kline
52%
2015 Tom Hardy
52%
1952 Anthony Quinn
51%
2014 J. K. Simmons
51%
1964 Lee Tracy
51%
2015 Mark Rylance
51%
2006 Mark Wahlberg
51%
2011 Nick Nolte
51%
1936 Walter Brennan
51%
2009 Woody Harrelson
51%
1941 Charles Coburn
50%
1998 James Coburn
50%
1976 Jason Robards
50%
2011 Jonah Hill
50%
1997 Burt Reynolds
49%
1976 Ned Beatty
49%
1951 Peter Ustinov
49%
2000 Albert Finney
48%
1978 Bruce Dern
48%
1985 Eric Roberts
48%
2016 Dev Patel
47%
1996 James Woods
47%
1954 Rod Steiger
47%
1990 Andy Garcia
46%
1974 Fred Astaire
46%
2011 Kenneth Branagh
46%
1988 Martin Landau
46%
1961 Montgomery Clift
46%
1971 Roy Scheider
46%
1980 Timothy Hutton
46%
2003 Alec Baldwin
45%
1975 George Burns
45%
1952 Jack Palance
45%
2005 Jake Gyllenhaal
45%
2001 Jim Broadbent
45%
1963 John Huston
45%
1984 John Malkovich
45%
1977 Maximilian Schell
45%
1942 Walter Huston
45%
1986 Willem Dafoe
45%
2004 Alan Alda
44%
2001 Ethan Hawke
44%
2011 Max Von Sydow
44%
1976 Burt Young
43%
1985 Don Ameche
43%
1967 George Kennedy
43%
1951 Gig Young
43%
1999 Haley Joel Osment
43%
1968 Jack Wild
43%
1964 John Gielgud
43%
1937 Roland Young
43%
2007 Tom Wilkinson
43%
1949 Arthur Kennedy
42%
1991 Harvey Keitel
42%
1951 Karl Malden
42%
1949 Ralph Richardson
42%
1994 Gary Sinise
41%
1938 John Garfield
41%
2005 Matt Dillon
41%
1998 Billy Bob Thornton
40%
1950 George Sanders
40%
1984 Haing s. Ngor
40%
1966 James Mason
40%
1972 Joel Grey
40%
2008 Josh Brolin
40%
2016 Lucas Hedges
40%
1994 Paul Scofield
40%
1996 William H, Macy
40%
1968 Gene Wilder
39%
1981 Ian Holm
39%
2002 John C. Reilly
39%
1956 Mickey Rooney
39%
1995 Tim Roth
39%
2004 Clive Owen
38%
1946 Harold Russell
38%
1974 Lee Strasberg
38%
1962 Omar Sharif
38%
1956 Anthony Perkins
37%
1989 Dan Aykroyd
37%
1986 Dennis Hopper
37%
1973 Jason Miller
37%
1973 John Houseman
37%
1970 John Mills
37%
1973 Randy Quaid
37%
1953 Eddie Albert
36%
1990 Graham Greene
36%
2003 Ken Watanabe
36%
1963 Nick Adams
36%
2005 Paul Giamatti
36%
2009 Stanley Tucci
36%
1986 Tom Berenger
36%
1962 Ed Begley
35%
1954 Edmond O'Brien
35%
1997 Greg Kinnear
35%
1945 James Dunn
35%
1992 Jaye Davidson
35%
1982 John Lithgow
35%
1954 Lee J. Cobb
35%
1982 Louis Gossett Jr.
35%
1965 Michael Dunn
35%
1945 Robert Mitchum
35%
1987 Albert Brooks
34%
2013 Barkhad Abdi
34%
1990 Bruce Davison
34%
1958 Burt Ives
34%
2003 Djimon Hounsou
34%
1969 Elliott Gould
34%
1974 Michael V. Gazzo
34%
1984 Pat Morita
34%
1959 Robert Vaughn
34%
1955 Sal Mineo
34%
1975 Brad Dourif
33%
1994 Chazz Palminteri
33%
1989 Danny Aiello
33%
1961 George Chakiris
33%
1959 Hugh Griffith
33%
1968 Jack Albertson
33%
1995 James Cromwell
33%
1967 John Cassavetes
33%
1980 Judd Hirsch
33%
2008 Michael Shannon
33%
1993 Pete Postlethwaite
33%
1966 Robert Shaw
33%
1986 Denholm Elliott
32%
1999 Michael Clarke Duncan
32%
1978 Richard Farnsworth
32%
1983 Rip Torn
32%
2004 Thomas Haden Church
32%
1944 Clifton Webb
31%
1949 Dean Jagger
31%
1961 Jackie Gleason
31%
1941 James Gleason
31%
2010 John Hawkes
31%
1979 Justin Henry
31%
1965 Martin Balsam
31%
1967 Michael J. Pollard
31%
1973 Vincent Gardenia
31%
1969 Anthony Quayle
30%
1944 Barry Fitzgerald
30%
1970 Chief Dan George
30%
1975 Chris Sarandon
30%
1947 Edmund Gwenn
30%
1942 Frank Morgan
30%
1937 Joseph Schildkraut
30%
1982 Robert Preston
30%
1975 Burgess Meredith
29%
1988 Dean Stockwell
29%
2006 Jackie Earle Haley
29%
1948 Jose Ferrer
29%
1966 Mako
29%
1991 Michael Lerner
29%
1957 Red Buttons
29%
1937 Thomas Mitchell
29%
1965 Tom Courtenay
29%
1955 Arthur O'Connell
28%
1953 Brandon deWilde
28%
1982 Charles Durning
28%
1950 Erich von Stroheim
28%
1966 George Segal
28%
1980 Michael O'Keefe
28%
1977 Mikhail Baryshnikov
28%
1997 Robert Forster
28%
1985 Robert Loggia
28%
1983 Sam Shepard
28%
1941 Sydney Greenstreet
28%
1962 Telly Savalas
28%
1942 Van Heflin
28%
1996 Armin Mueller-Stahl
27%
1960 Chill Wills
27%
1968 Daniel Massey
27%
1992 David Paymer
27%
1975 Jack Warden
27%
1981 James Coco
27%
1985 Klaus Maria Brandauer
27%
1970 Richard S. Castellano
27%
1947 Robert Ryan
27%
1957 Sessue Hayakawa
27%
1984 Adolph Caesar
26%
1936 Basil Rathbone
26%
1948 Cecil Kellaway
26%
1979 Frederic Forrest
26%
2007 Hal Holbrook
26%
1965 Ian Bannen
26%
1949 James Whitmore
26%
1936 Mischa Auer
26%
1960 Peter Falk
26%
1947 Richard Widmark
26%
1964 Stanley Holloway
26%
1962 Terence Stamp
26%
1962 Victor Buono
26%
1985 William Hickey
26%
1939 Claude Rains
25%
1949 John Ireland
25%
1970 John Marley
25%
1951 Kevin McCarthy
25%
1953 Robert Strauss
25%
1969 Rupert Crosse
25%
1950 Sam Jaffe
25%
1968 Seymour Cassel
25%
1954 Tom Tully
25%
1952 Victor McLaglen
25%
1939 Brian Donlevy
24%
1941 Donald Crisp
24%
1959 Ed Wynn
24%
1960 Jack Kruschen
24%
1945 Michael Chekhov
24%
1944 Monty Woolley
24%
1948 Oskar Homolka
24%
1937 Ralph Bellamy
24%
1936 Akim Tamiroff
23%
1952 Arthur Hunnicutt
23%
1939 Harry Carey
23%
1981 Howard Rollins
23%
1944 Hume Cronyn
23%
1940 James Stephenson
23%
1955 Joe Mantell
23%
1951 Leo Genn
23%
1938 Robert Morley
23%
1957 Russ Tamblyn
23%
1971 Leonard Frey
22%
1963 Bobby Darin
21%
1939 Brian Ahern
21%
1965 Frank Finlay
21%
1950 Jeff Chandler
21%
1971 Richard Jaeckel
21%
1936 Stuart Erwin
21%
1958 Theodore Bikel
21%
1957 Vittorio De Sica
21%
1942 William Bendix
21%
1946 William Demarest
21%
1943 Charles Bickford
20%
1956 Robert Stack
20%
1947 Thomas Gomez
20%
1973 Jack Gilford
19%
1940 Jack Oakie
19%
1940 Albert Bassermann
17%
1937 H. B. Warner
17%
1942 Henry Travers
17%
1945 John Dall
17%
1943 J, Carroll Naish
16%
1940 William Gargan
16%
1938 Gene Lockhart
15%
No matching quizzes found
Score Distribution
Percent of People with Each Score
Percentile by Number Answered
Your Score History
You have not taken this quiz since the last reset